KOHA-Header-6

Environmental Ethics (Record no. 9467)

000 -LEADER
fixed length control field 00247nam a2200109Ia 4500
020 ## - INTERNATIONAL STANDARD BOOK NUMBER
ISBN 978-0534520847
100 ## - MAIN ENTRY--AUTHOR NAME
Personal name Joseph R. Des Jardins
245 #0 - TITLE STATEMENT
Title Environmental Ethics
260 ## - PUBLICATION, DISTRIBUTION, ETC. (IMPRINT)
Place of publication New Jersey
Name of publisher Thomson South
Year of publication 1996
300 ## - PHYSICAL DESCRIPTION
Number of Pages 395
942 ## - ADDED ENTRY ELEMENTS (KOHA)
Koha item type Books
Holdings
Withdrawn status Lost status Collection code Permanent Location Current Location Shelving location Date acquired Full call number Accession Number Koha item type
    English Literature MAJU MAJU Shelf No.A13 2019-09-14 658.15 5226 English Literature

Powered by Koha